000 00302nam a22001097a 4500
008 230620b xxu||||| |||| 00| 0 eng d
082 _a327.42
245 _aSurvey of British Commonwealth Affairs
260 _aLondon
_bRoyal Institute of International Affairs
_c1958
300 _aXV,467
942 _2ddc
_cBK
999 _c1921
_d1921